000 00415nam a2200157 4500
003 AR-RoIUNI
005 20250617094025.0
008 250617b |||||||| |||| 00| 0 spa d
040 _cAR-RoIUNI
080 _a616-31
100 _aGazzotti, Pedro
245 _aRehabilitacion implanto protésica /
_cPedro Gazzotti
260 _aArgentina :
_bPedro Gazzotti
_c2023
650 _aOdontologia
_9546
942 _2cdu
_cBK
999 _c5992
_d5992